| 000 | 01705cam a22004097a 4500 | ||
|---|---|---|---|
| 003 | CHAP | ||
| 005 | 20220817041253.0 | ||
| 008 | 971013s1994 r 00010 d | ||
| 010 | _a10007 | ||
| 011 | _a10979 | ||
| 035 | _a10217 | ||
| 040 | _cCHAP | ||
| 082 |
_a338.10972 _bT4 |
||
| 100 | 0 | 0 |
_aTéllez Kuenzler, Luis. _9113554 |
| 245 | 1 | 3 | _aLa modernización del sector agropecuario y forestal |
| 260 |
_aMéxico, D.F. : _bFondo de Cultura Económica, _c1994 |
||
| 300 |
_a307 p. _b: ilus. ; gráfs |
||
| 490 | 4 | _aUna visión de la modernización de México | |
| 590 |
_aBATCH-UPD _b10 _c20130110 _lUCH01 _h0951 |
||
| 590 |
_aBATCH-UPD _b10 _c20130410 _lUCH01 _h0605 |
||
| 590 |
_aBATCH-UPD _b10 _c20130914 _lUCH01 _h0708 |
||
| 590 |
_aCONVERSION _b10 _c20130109 _lUCH01 _h1306 |
||
| 650 | 1 | 4 |
_aAgricultura _xAspectos economicos _zMexico. _91312 |
| 650 | 1 | 4 |
_aBosques _xAspectos económicos _xMéxico. _914076 |
| 650 | 1 | 4 |
_aBosques _xLeyes. _914322 |
| 650 | 1 | 4 |
_aGanadería _xAspectos económicos _xMéxico. _944636 |
| 650 | 1 | 4 |
_aTierras _xTenencia _xLeyes. _9113179 |
| 650 | 1 | 4 | _aTratado Trilateral de Libre Comercio. |
| 830 | 4 |
_aUna visión de la modernización de México _9116089 |
|
| 901 | _aBK | ||
| 942 | _cLIBRO | ||
| 949 |
_a338.10972 T4 _bBC _cLIBRO _d33724000364121 _eLIBRO _fc.4 _gI.c/e _h85414 _i10217 _si _t25.00 |
||
| 949 |
_a338.10972 T4 _bBC _cLIBRO _d33724000364139 _eLIBRO _fc.2 _gI.c/e _h85412 _i10217 _si _t25.00 |
||
| 949 |
_a338.10972 T4 _bBC _cLIBRO _d33724000364147 _eLIBRO _fc.5 _gI.c/e _h85415 _i10217 _si _t25.00 |
||
| 949 |
_a338.10972 T4 _bBC _cLIBRO _d33724000579967 _eLIBRO _gI.c.e _h85411 _i10217 _si _t25.00 |
||
| 949 |
_a338.10972 T4 _bBC _cLIBRO _d33724000785986 _eLIBRO _fc.3 _gI.c/e _h85413 _i10217 _si _t25.00 |
||
| 999 |
_c10007 _d10007 |
||